Defining qualities (Record no. 64064)
[ view plain ]
| 000 -LEADER | |
|---|---|
| fixed length control field | 00927cam a2200253 4500 |
| 001 - CONTROL NUMBER | |
| control field | ABS62622 |
| 008 - FIXED-LENGTH DATA ELEMENTS--GENERAL INFORMATION | |
| fixed length control field | 000000n2000 000 0 eng u |
| 035 ## - SYSTEM CONTROL NUMBER | |
| System control number | (Sirsi) u107158 |
| 100 ## - MAIN ENTRY--PERSONAL NAME | |
| Personal name | Grinfeld, M. |
| 245 ## - TITLE STATEMENT | |
| Title | Defining qualities |
| 260 ## - PUBLICATION, DISTRIBUTION, ETC. | |
| Date of publication, distribution, etc. | 2000 |
| 490 ## - SERIES STATEMENT | |
| Series statement | Property Week |
| Volume/sequential designation | 65(26) 30 June 2000, 70-71(2) |
| 520 ## - SUMMARY, ETC. | |
| Summary, etc. | Defines common terms and jargon associated with e-commerce and electronic data interchange. Also reviews codes of practice which if adopted by edms will satisfy a court on the reliability of electronic documentation; and introduces the key aspects of the Electronic Communications Bill. |
| 590 ## - LOCAL NOTE (RLIN) | |
| Local note | ABS |
| 650 ## - SUBJECT ADDED ENTRY--TOPICAL TERM | |
| Topical term or geographic name entry element | ELECTRONIC DATA INTERCHANGE |
| 650 ## - SUBJECT ADDED ENTRY--TOPICAL TERM | |
| Topical term or geographic name entry element | E-COMMERCE |
| 650 ## - SUBJECT ADDED ENTRY--TOPICAL TERM | |
| Topical term or geographic name entry element | ELECTRONIC DATA |
| 650 ## - SUBJECT ADDED ENTRY--TOPICAL TERM | |
| Topical term or geographic name entry element | CODES OF PRACTICE |
| 650 ## - SUBJECT ADDED ENTRY--TOPICAL TERM | |
| Topical term or geographic name entry element | CIVIL EVIDENCE ACT 1995 |
| 650 ## - SUBJECT ADDED ENTRY--TOPICAL TERM | |
| Topical term or geographic name entry element | BS 7799 |
| 690 ## - LOCAL SUBJECT ADDED ENTRY--TOPICAL TERM (OCLC, RLIN) | |
| Topical term or geographic name as entry element | INFORMATION TECHNOLOGY-INTERNET |
| 700 ## - ADDED ENTRY--PERSONAL NAME | |
| Personal name | Grinfeld, A. |
| 942 ## - ADDED ENTRY ELEMENTS (KOHA) | |
| Suppress in OPAC | 0 |
| Withdrawn status | Lost status | Source of classification or shelving scheme | Damaged status | Not for loan | Home library | Current library | Shelving location | Date acquired | Total Checkouts | Full call number | Barcode | Date last seen | Copy number | Price effective from | Koha item type |
|---|---|---|---|---|---|---|---|---|---|---|---|---|---|---|---|
| Dewey Decimal Classification | London | London | Journal article | 17/07/2000 | ABS62622 | 107158-1001 | 06/08/2019 | 1 | 06/08/2019 | Journal article |